00620nam a2200193Ia 4500003000900000008004100009020001800050040001600068080001900084100002100103245004900124260004700173300001000220650003100230650002300261942000700284999001500291952012000306IN-BaIIA211028s9999 xx 000 0 eng d a0-85229-144-2 cIIA Library a031bEBR-YB-70 aDell, W. R95341 0aBritannica book of the year 1970cW. R. Dell aChicagobUniversity of Chicago Pressc1970 a832p. aBritannica Year Book96368 aEncyclopedia91112 cBK c3782d3782 00104070aBANbBANcGENd1971-07-13g53.00l0o031/ EBR-YB-70p4224r2021-11-05v53.00w1971-07-13yBKGRs. 53.00